judicial

La Jerarquía (Registro nro. 1637)

Detalles MARC
000 -LEADER
fixed length control field 004570000a22001810004500
001 - CONTROL NUMBER
control field old001644
003 - CONTROL NUMBER IDENTIFIER
control field AR-NuBCU
008 - FIXED-LENGTH DATA ELEMENTS--GENERAL INFORMATION
fixed length control field 070307s1973||||########|####|0||0||Es#u
082 ## - DEWEY DECIMAL CLASSIFICATION NUMBER
Classification number 35.082.4 M 538
100 1# - MAIN ENTRY--PERSONAL NAME
Personal name Méndez, Aparicio
245 ## - TITLE STATEMENT
Title La Jerarquía
260 ## - PUBLICATION, DISTRIBUTION, ETC.
Place of publication, distribution, etc. Montevideo :
Name of publisher, distributor, etc. Ediciones jurídicas,
Date of publication, distribution, etc. 1973
300 ## - PHYSICAL DESCRIPTION
Extent 168 p.
Other physical details 24 cm
500 ## - GENERAL NOTE
General note INVENTARIO N° 002152
653 ## - INDEX TERM--UNCONTROLLED
Uncontrolled term JERARQUIA
653 ## - INDEX TERM--UNCONTROLLED
Uncontrolled term RELACION JERARQUICA
942 ## - ADDED ENTRY ELEMENTS (KOHA)
Source of classification or shelving scheme Dewey Decimal Classification
Koha item type Book

No hay ítems disponibles.

-->
  •  poder judicial

    Con tecnología Koha